Matrioska / (Registro nro. 8902)

Detalles MARC
000 -LEADER
fixed length control field 00903nam a2200313 4500
001 - CONTROL NUMBER
control field 2208973
003 - CONTROL NUMBER IDENTIFIER
control field DO-SdBNP
005 - DATE AND TIME OF LATEST TRANSACTION
control field 20180226133609.0
007 - PHYSICAL DESCRIPTION FIXED FIELD--GENERAL INFORMATION
fixed length control field 2208973
008 - FIXED-LENGTH DATA ELEMENTS--GENERAL INFORMATION
fixed length control field 960223s1993 sp | |||| ||spa
016 7# - NATIONAL BIBLIOGRAPHIC AGENCY CONTROL NUMBER
Record control number
Source BPMSU
017 ## - COPYRIGHT OR LEGAL DEPOSIT NUMBER
Copyright or legal deposit number
Assigning agency
020 ## - INTERNATIONAL STANDARD BOOK NUMBER
International Standard Book Number 8434822849
035 ## - SYSTEM CONTROL NUMBER
System control number
040 ## - CATALOGING SOURCE
Original cataloging agency BPMSU
Language of cataloging spa
Transcribing agency BPMSU
Description conventions
041 1# - LANGUAGE CODE
Language code of text/sound track or separate title spa
Language code of original
080 #0 - UNIVERSAL DECIMAL CLASSIFICATION NUMBER
Universal Decimal Classification number
100 1# - MAIN ENTRY--PERSONAL NAME
Personal name Inkiow, Dimiter
240 14 - UNIFORM TITLE
Uniform title <a href="Die Puppe, die ein Baby haben wollte">Die Puppe, die ein Baby haben wollte</a>
Language of a work Español
245 10 - TITLE STATEMENT
Title Matrioska /
Statement of responsibility, etc. Dimiter Inkiow ; ilustraciones de Roser Rius ; traducción del alemán, Marinella Terzi
250 ## - EDITION STATEMENT
Edition statement 5ª ed.
260 ## - PUBLICATION, DISTRIBUTION, ETC. (IMPRINT)
Place of publication, distribution, etc. Madrid :
Name of publisher, distributor, etc. SM,
Date of publication, distribution, etc. 1993.
300 ## - PHYSICAL DESCRIPTION
Extent 59 p. :
Other physical details il. ;
Dimensions 20 cm.
490 1# - SERIES STATEMENT
Series statement El barco de vapor. Serie blanca
Volume/sequential designation 18
830 #0 - SERIES ADDED ENTRY--UNIFORM TITLE
Uniform title El barco de vapor.
Name of part/section of a work Serie blanca
Volume number/sequential designation 18
942 ## - ADDED ENTRY ELEMENTS (KOHA)
Source of classification or shelving scheme Dewey Decimal Classification
Koha item type Libros
945 ## - LOCAL PROCESSING INFORMATION (OCLC)
a Inventariado, 2018 /LP
956 ## - LOCAL ELECTRONIC LOCATION AND ACCESS (OCLC)
Host name VMATEO
Access number 10
Compression information 20151124
Processor of request BPMSU
Field link and sequence number 00151
Existencias
Withdrawn status Lost status Source of classification or shelving scheme Damaged status Not for loan Collection code Home library Current library Date acquired Source of acquisition Total Checkouts Barcode Date last seen Price effective from Koha item type
    Dewey Decimal Classification     Colección Infantil General Biblioteca Pública Metropolitana Salomé Ureña Biblioteca Pública Metropolitana Salomé Ureña 11/25/2015 FUNDI   BPMSU15110474 11/25/2015 11/25/2015 Libros